000 00594nam a2200193 a 4500
005 20240412063650.0
008 040910s1994 mx r 000 0 spa d
020 _a9684097875
035 _aUPN01000134679
049 _aCG
050 4 _aHF5630
_bH4.6
100 1 _aHermoso Mendizábal, Hugo
245 1 1 _a¿Para qué sirve la contabilidad? /
_cHugo Hermoso Mendizábal.
260 _aMéxico :
_bEDAMEX,
_c1994.
300 _a85 p.
500 _a"Libro escrito para profesionistas y otros. ¡No para contadores!"
650 4 _aContabilidad
_xEstudio y enseñanza
_912260
905 _aLibro
999 _c106830
_d106830